000 00684nam a2200193Ia 4500
008 151119s9999||||xx |||||||||||||| ||und||
082 _a790.3
082 _bGKKV13262
100 _aतेतांबे सत्यवान
245 _aरंगभूमी चित्रपट डायरी १९९०
260 _a--
260 _b--
260 _c0
600 _aतेतांबे सत्यवान
630 _aरंगभूमी चित्रपट डायरी १९९०
700 _aतेतांबे सत्यवान
730 _aरंगभूमी चित्रपट डायरी १९९०
942 _cBOOK
999 _c1066946
_d1066943